书目信息 |
| 题名: |
党风·党纪·党性
|
|
| 作者: | ;中共北京市委党校党建教研室 编 | |
| 分册: | ||
| 出版信息: | 北京 北京出版社 1982 |
|
| 页数: | 87页 | |
| 开本: | 19cm | |
| 丛书名: | ||
| 单 册: | ||
| 中图分类: | D26 , D2-0 , D201 | |
| 科图分类: | ||
| 主题词: | 党的建设-邓小平--思想解放 , 中国共产党 | |
| 电子资源: | ||
| ISBN: | ||
| 000 | 00992nam0 2200301 45 | |
| 001 | 0182008140 | |
| 005 | 20040424080629.2 | |
| 010 | @dCNY0.21 | |
| 091 | @a3071.354 | |
| 100 | @a19950705d1982 em y0chiy0121 ea | |
| 101 | 0 | @achi |
| 102 | @aCN@b110000 | |
| 105 | @ay z 000yy | |
| 106 | @ar | |
| 200 | 10 | @a党风·党纪·党性@Adang feng· dang ji· dang xing@e学习《邓小平同志谈端正党风问题》@f中共北京市委党校党建教研室编 |
| 210 | @a北京@c北京出版社@d1982 | |
| 215 | @a87页@d19cm | |
| 517 | 1 | @a学习《邓小平同志谈端正党风问题》@Axue xi 《 deng xiao ping tong zhi tan duan zheng dang feng wen ti 》 |
| 601 | 02 | @a邓小平@x党的建设@x思想解放 |
| 606 | @a党的建设-邓小平@x思想解放 | |
| 606 | 0 | @a中国共产党 |
| 690 | @aD26@v3 | |
| 690 | @aD2-0@v3 | |
| 690 | @aD201 | |
| 711 | 02 | @a中共北京市委党校党建教研室@Azhong gong bei jing shi wei dang xiao dang jian jiao yan shi@4编 |
| 801 | 0 | @aCN@b上海图书馆@c20040424 |
| 801 | 2 | @aCN@bNLC@c20040424 |
| 905 | @f3@b71924-926@dD201@e7 | |
| 党风·党纪·党性:学习《邓小平同志谈端正党风问题》/中共北京市委党校党建教研室编.-北京:北京出版社,1982 |
| 87页;19cm |
| ISBN :CNY0.21 |
| ● |
| 相关链接 |
|
|
|
|
正题名:党风·党纪·党性
索取号:D201/7
 
预约/预借
| 序号 | 登录号 | 条形码 | 馆藏地/架位号 | 状态 | 备注 |
| 1 | 0071924 | 000096014 | 第一样本阅览室/ [索取号:D201/7] | 在馆 | |
| 2 | 0071925 | 000096032 | 密集书库/ [索取号:D201/7] | 在馆 | |
| 3 | 0071926 | 000096023 | 密集书库/ [索取号:D201/7] | 在馆 |